[Event "Piaui-ch 2013 final"]
[Site "Teresina"]
[Date "2014.01.25"]
[Round "6"]
[White "Silva Sobrinho, Agostinho Jose"]
[Black "Correa, Luca Soares"]
[Result "1-0"]
[WhiteElo "2199"]
[BlackElo "1786"]
[PlyCount "89"]
[EventDate "2014.01.16"]
[EventType "tourn"]
[EventRounds "7"]
[EventCountry "BRA"]
[SourceTitle "EXT 2018"]
[Source "ChessBase"]
[SourceDate "2017.10.13"]
[SourceVersion "1"]
[SourceVersionDate "2017.10.13"]
[SourceQuality "1"]

1. d4 Nf6 2. c4 e6 3. Nf3 b6 4. a3 Bb7 5. Nc3 Be7 6. d5 0-0 7. e4 exd5 8. cxd5 d6 9. Be2 c5 10. 0-0 Nbd7 11. h3 Ne5 12. Nxe5 dxe5 13. Be3 Bd6 14. Qd2 a6 15. a4 Nd7 16. g4 h6 17. Kg2 f6 18. h4 g5 19. hxg5 hxg5 20. Rh1 Kg7 21. Rh5 Rh8 22. Rah1 Qe7 23. Qc1 Rag8 24. Qf1 a5 25. Ba6 Nf8 26. Qb5 Qc7 27. Bxb7 Qxb7 28. Qc6 Qxc6 29. dxc6 Ne6 30. Rxh8 Rxh8 31. Rxh8 Kxh8 32. Nd5 Kg7 33. Nxb6 Nd8 34. Nc4 Bc7 35. Bxc5 Nxc6 36. Ne3 Kf7 37. Nd5 Bd8 38. Kf3 Ke6 39. Ke3 Nb8 40. Kd3 Nd7 41. Kc4 Nxc5 42. Kxc5 Kd7 43. f3 Kc8 44. Kc6 Kb8 45. Kd7 1-0

[Event "Piaui-ch 2013 final"]
[Site "Teresina"]
[Date "2014.01.18"]
[Round "3"]
[White "Meneses, Lourenco Teixeira D"]
[Black "Correa, Luca Soares"]
[Result "1/2-1/2"]
[WhiteElo "1950"]
[BlackElo "1786"]
[PlyCount "74"]
[EventDate "2014.01.16"]
[EventType "tourn"]
[EventRounds "7"]
[EventCountry "BRA"]
[SourceTitle "EXT 2018"]
[Source "ChessBase"]
[SourceDate "2017.10.13"]
[SourceVersion "1"]
[SourceVersionDate "2017.10.13"]
[SourceQuality "1"]

1. d4 Nf6 2. Nf3 e6 3. c4 b6 4. a3 Bb7 5. Nc3 Be7 6. Bf4 0-0 7. h3 d6 8. e3 Ne4 9. Nxe4 Bxe4 10. Bd3 Bxd3 11. Qxd3 Nd7 12. g4 c5 13. d5 e5 14. Bg3 Nf6 15. e4 g6 16. Bh4 Nxd5 17. Bxe7 Nxe7 18. 0-0-0 Nc6 19. Qxd6 Nd4 20. Qxd8 Raxd8 21. Nxe5 Rfe8 22. Nd3 Rxe4 23. Rhe1 Rde8 24. Rxe4 Rxe4 25. Re1 Rxe1+ 26. Nxe1 Kg7 27. Kd2 Kf6 28. Ke3 Ke6 29. f4 f5 30. g5 Nc6 31. Nf3 Kd6 32. Kd3 Ke6 33. Kc3 Kd6 34. h4 a6 35. Kd3 Nd8 36. Ne5 Ne6 37. Ke3 Nd4 1/2-1/2

[Event "Luiz Rego Memorial"]
[Site "Teresina"]
[Date "2013.08.18"]
[Round "6"]
[White "Azevedo Junior, Jose Ferreira"]
[Black "Correa, Luca Soares"]
[Result "1-0"]
[WhiteElo "2057"]
[BlackElo "1745"]
[PlyCount "61"]
[EventDate "2013.08.16"]
[EventType "swiss"]
[EventRounds "6"]
[EventCountry "BRA"]
[SourceTitle "EXT 2014"]
[Source "ChessBase"]
[SourceDate "2013.11.20"]
[SourceVersion "1"]
[SourceVersionDate "2013.11.20"]
[SourceQuality "1"]

1. c4 e6 2. g3 d5 3. Bg2 Nf6 4. d4 Be7 5. Nc3 0-0 6. Qb3 c6 7. Bg5 h6 8. Bxf6 Bxf6 9. e3 Nd7 10. Nge2 Qb6 11. Na4 Qxb3 12. axb3 a6 13. f4 g6 14. h4 h5 15. Bf3 Bg7 16. g4 hxg4 17. Bxg4 f5 18. Bf3 Nf6 19. Kd2 Kf7 20. Rag1 Rg8 21. Rg2 Bd7 22. Nc5 b6 23. Nd3 Nh5 24. Rhg1 Bf6 25. Rxg6 Rh8 26. Ne5+ Bxe5 27. fxe5 Raf8 28. R1g5 Re8 29. Bxh5 Rxh5 30. Rf6+ Ke7 31. Rxh5 1-0